|
|
|
|
| LEADER |
00676cam a2200193 7i4500 |
| 001 |
0000033044 |
| 005 |
20120619090000.0 |
| 020 |
|
|
|a 9679622363 (pbk.)
|
| 090 |
0 |
0 |
|a KPG982.3.A311999
|b C65
|
| 110 |
1 |
|
|a Malaysia
|
| 240 |
1 |
0 |
|a Consumer Protection Act 1999 (Act 599)
|
| 245 |
0 |
0 |
|a Consumer Protection Act 1999 (Act 599) :
|b with relevant subsidiary legislation.
|
| 260 |
|
|
|a Singapore:
|b Butterworths Asia,
|c 2000-.
|
| 300 |
|
|
|a 85 p.;
|c 24 cm.
|
| 490 |
0 |
|
|a MLJ Statute series
|
| 500 |
|
|
|a Includes index
|
| 500 |
|
|
|a Library has : As at 1 August 2000
|
| 650 |
0 |
0 |
|a Consumer protection --
|x Law and legislation --
|z Malaysia
|
| 999 |
|
|
|a 0000035521
|b BOK
|c ACTS
|e Ground Floor, Bestari Jaya
|